Logika i matematičeskoje modelirovanije v skladskoj logistike

Logika a matematické modelovanie v skladovej logistike. Základný model - EOQ (economic order quantity model). Analýza modelu.

Salvato in:
Dettagli Bibliografici
Autore principale: Péliová, Jana, 1976-
Altri autori: Nestorenko, A. V.
Natura: Capitolo di libro
Lingua:russo
Soggetti:
Tags: Aggiungi Tag
Nessun Tag, puoi essere il primo ad aggiungerne!!

MARC

LEADER 00000naa$a2200000$$$4500
001 0178598
005 20240502083420.9
041 0 |a rus 
044 |a PL 
245 1 0 |a Logika i matematičeskoje modelirovanije v skladskoj logistike  |c Jana Péliová, A. V. Nestorenko 
520 |a Logika a matematické modelovanie v skladovej logistike. Základný model - EOQ (economic order quantity model). Analýza modelu. 
610 2 0 |a modelovanie 
610 2 0 |a modely matematické 
610 2 0 |a logistika 
610 2 0 |a sklady 
610 2 0 |a zásoby 
100 1 |a Péliová, Jana, 1976- 
700 1 |a Nestorenko, A. V.